Education In Zambia: (Record no. 1412)

MARC details
000 -LEADER
fixed length control field 00746nam a22002057a 4500
005 - DATE AND TIME OF LATEST TRANSACTION
control field 20250414090824.0
008 - FIXED-LENGTH DATA ELEMENTS--GENERAL INFORMATION
fixed length control field 241016b |||||||| |||| 00| 0 eng d
040 ## - CATALOGING SOURCE
Original cataloging agency KMU
Transcribing agency KMU
Modifying agency KMU
Description conventions rda
110 ## - MAIN ENTRY--CORPORATE NAME
Corporate name or jurisdiction name as entry element Ministry of General Education
245 ## - TITLE STATEMENT
Title Education In Zambia:
Remainder of title Findings from Zambia's experience in PISA for development
Statement of responsibility, etc. /Ministry of General Education, Examination Council of Zambia and OECD
260 ## - PUBLICATION, DISTRIBUTION, ETC.
Place of publication, distribution, etc. Lusaka:
Name of publisher, distributor, etc. Ministry of General Education,
Date of publication, distribution, etc. 2018.
300 ## - PHYSICAL DESCRIPTION
Extent xii,146 p.:
Other physical details ill.;
Dimensions 19cm
521 ## - TARGET AUDIENCE NOTE
Target audience note Include abbreviations and references
610 ## - SUBJECT ADDED ENTRY--CORPORATE NAME
Corporate name or jurisdiction name as entry element Ministry of Education
650 ## - SUBJECT ADDED ENTRY--TOPICAL TERM
Topical term or geographic name entry element Education
650 ## - SUBJECT ADDED ENTRY--TOPICAL TERM
Topical term or geographic name entry element Examination Council of Zambia
710 ## - ADDED ENTRY--CORPORATE NAME
Corporate name or jurisdiction name as entry element OECD
710 ## - ADDED ENTRY--CORPORATE NAME
Corporate name or jurisdiction name as entry element Examination Council of Zambia
942 ## - ADDED ENTRY ELEMENTS (KOHA)
Koha item type Report
Suppress in OPAC No
Call number prefix Gov
Holdings
Withdrawn status Lost status Source of classification or shelving scheme Damaged status Not for loan Collection Home library Current library Shelving location Date acquired Source of acquisition Total Checkouts Full call number Barcode Date last seen Price effective from Koha item type Use restrictions
    Library of Congress Classification     Non-fiction Kapasa Makasa University Kapasa Makasa University Open Access 16.10.2024 Donation-ECZ   LC1660.Z33 MIN 301077 16.10.2024 16.10.2024 Report  
    Dewey Decimal Classification     Non-fiction Kapasa Makasa University Kapasa Makasa University Open Access 16.10.2024 Donation-ECZ   LC1660.Z33 MIN 301076 16.10.2024 16.10.2024 Report  
    Dewey Decimal Classification     Non-fiction Kapasa Makasa University Kapasa Makasa University Open Access 16.10.2024 Donation-ECZ   LC1660.Z33 MIN 301075 16.10.2024 16.10.2024 Report  
    Library of Congress Classification   Not For Loan Non-fiction Kapasa Makasa University Kapasa Makasa University Special Collection 16.10.2024 Donation-ECZ   ZAM LC1660.Z33 MIN 301074 16.10.2024 16.10.2024 Report Restricted Access
    Dewey Decimal Classification     Non-fiction Kapasa Makasa University Kapasa Makasa University Open Access 16.10.2024 Donation-ECZ   LC1660.Z33 MIN 301073 16.10.2024 16.10.2024 Report  
    Library of Congress Classification   Not For Loan Non-fiction Kapasa Makasa University Kapasa Makasa University Special Collection 16.10.2024 Donation-ECZ   ZAM LC1660.Z33 MIN 301072 16.10.2024 16.10.2024 Report Restricted Access